Κρητική μουσική

Αποθηκεύτηκε σε:
Λεπτομέρειες βιβλιογραφικής εγγραφής
Κύριος συγγραφέας: Καλογερίδης, Ευστράτιος Ε.
Μορφή: Βιβλίο
Γλώσσα:Greek
Δημοσίευση: Ηράκλειο : Δήμος Ηρακλείου, 1985
Θέματα:
Ετικέτες: Προσθήκη ετικέτας
Δεν υπάρχουν, Καταχωρήστε ετικέτα πρώτοι!

MARC

LEADER 00000nam a2200000 i 4500
001 1/84110
008 950619s1985 gre d
035 |a 1992  |b 1  |c Δωρεά  |l 10034362 
040 |a GR-MY-UA  |b gre  |e aacr 
041 0 |a gre 
082 0 |a 780.94998 
100 1 |a Καλογερίδης, Ευστράτιος Ε. 
245 1 0 |a Κρητική μουσική /  |c Ευστρατίου Εμμ. Καλογερίδου 
260 |a Ηράκλειο :   |b Δήμος Ηρακλείου,   |c 1985 
300 |a τ.1 
650 0 0 |a Music  |z Greece  |z Crete. 
651 0 |a Crete (Greece)  |x Songs and music. 
852 |a INST  |b LESVOS  |e 19950619  |h 780.94998 ΚΑΛ  |p 005100000091  |q 005100000091  |t BK  |y 0 
852 |a INST  |b LESVOS  |e 19950619  |h 780.94998 ΚΑΛ  |p 005100000092  |q 005100000092  |t BK  |y 0 
852 |a INST  |b RHODES  |e 19970318  |h 780.94998 ΚΑΛ  |p 005400010663  |q 005400010663  |t BK  |y 0 
909 |a Ρ  |b 022111  |c 1992 
909 |a Λ  |b 021560 
922 |a 1ΕΛΗ  |b 199112  |c ΠΠ/1522